000 00504nam a22001697a 4500
999 _c9236
_d9236
008 210330b ||||| |||| 00| 0 eng d
040 _aBMS College of Architecture
100 _aThomas, Deepa
245 _aSeven star hotel at whitefield
300 _aNA
500 _a1BM01AT006
502 _8B.Arch
_NBMS College of Architecture, Visvesvaraya Technological University
_aProject report
_d2005
650 _aHotel
700 _aSatish Rao
_eGuide
700 _aSridhar Rajan
_eGuide
942 _2ddc
_cTHE